000 00355 a2200133 4500
005 20250616171650.0
020 _a434 92265 x
082 _a658.8 WIL
100 _aWILSON, R. M. S.
245 _aManagement Controls in Marketing.
260 _aLondon,
_bHeinemann,
_c1973.
300 _aXvii, 216p.: ill.; figure, table,
_bindex,
_c23cm.
942 _2ddc
_cBKS
999 _c144
_d144